MARC

LEADER 00000nam0a2200000 4500
001 316146
005 20231102002839.0
035 |a (RuTPU)RU\TPU\book\341584 
090 |a 316146 
100 |a 20160315d1971 k y0rusy50 ca 
101 1 |a rus  |c eng 
102 |a RU 
105 |a a z 001zy 
200 1 |a Принципы современной теории связи и их применение к передаче дискретных сообщений  |e пер. с англ.  |f С. Стейн, Дж. Джонс 
210 |a Москва  |c Связь  |d 1971 
215 |a 376 с.  |c черт. 
320 |a Библиогр. в конце гл. 
606 1 |a Радиосвязь  |2 stltpush  |3 (RuTPU)RU\TPU\subj\68248  |9 83682 
606 1 |a Информация  |x Передача по каналам связи  |2 stltpush  |3 (RuTPU)RU\TPU\subj\12993  |9 39683 
610 1 |a дискретные сообщения 
610 1 |a гармонический анализ 
610 1 |a спектры 
610 1 |a детерминированные сигналы 
610 1 |a корреляционные функции 
610 1 |a узкополосные сигналы 
610 1 |a полосовые цепи 
610 1 |a случайные процессы 
610 1 |a шумы 
610 1 |a амплитудная модуляция 
610 1 |a линейная модуляция 
610 1 |a угловая модуляция 
610 1 |a импульсная модуляция 
610 1 |a каналы 
610 1 |a фильтры 
610 1 |a помехоустойчивое кодирование 
610 1 |a радиоканалы 
675 |a 621.396  |v 4 
675 |a 621.391.3.052  |v 4 
700 1 |a Стейн  |b С. 
701 1 |a Джонс  |b Дж. 
801 1 |a RU  |b 63413507  |c 20160315 
801 2 |a RU  |b 63413507  |c 20160321  |g RCR 
942 |c BK